000 01911nam a22004093i 4500
001 EBC6016952
003 MiAaPQ
005 20240327205420.0
007 cr cnu||||||||
008 220817s2018 xx o ||||0 ger d
020 _a9783835342101
_q(electronic bk.)
020 _z9783835331907
040 _aMiAaPQ
_beng
_cMiAaPQ
100 1 _aSeydlitz, Walther von.
_99081
_4aut
_eauthor
245 1 0 _aNach Stalingrad :
_bWalther von Seydlitz' Feldpostbriefe und Kriegsgefangenenpost 1939-1955.
250 _a2nd ed.
264 1 _aGöttingen :
_bWallstein Verlag,
_c2018.
264 4 _c{copy}2018.
300 _a1 online resource (429 pages)
336 _aText
_btxt
_2rdacontent
337 _aComputermedien
_bc
_2rdamedia
338 _aOnline Resource
_bcr
_2rdacarrier
500 _aE-Book-ProQuest / Fernzugriff nach Registrierung möglich
505 0 _aUmschlag -- Titel -- Inhalt -- Kommandeur ZMSBw: Vorwort -- Jens Ebert: »Nun ist man wieder meilenweitvon einander getrennt« -- Feldpostbriefe 1939-1943 -- Kriegsgefangenenpost 1945-1955 -- Torsten Diedrich: Walther von Seydlitz-Kurzbach - der lange verkannte deutsche Patriot -- Dank -- Abkürzungen -- Register -- Impressum.
600 1 _aSeydlitz, Walther von
_99175
650 4 _aDeutscher Kriegsgefangener
_99176
651 4 _aSowjetunion
_9127
655 4 _aElectronic books.
655 4 _aBriefsammlung
_91537
655 _aFernzugriff
_9230
700 1 _aDiedrich, Torsten.
_99083
_4edt
_eeditor
700 1 _aEbert, Jens.
_99084
_4edt
_eeditor
710 _4isb
_aZentrum für Militärgeschichte und Sozialwissenschaften der Bundeswehr
_eIssuing body
_99174
776 0 8 _iPrint version:
_aSeydlitz, Walther von
_tNach Stalingrad
_dGöttingen : Wallstein Verlag,c2018
_z9783835331907
856 4 0 _uhttps://ebookcentral.proquest.com/lib/maxweberstiftung-ebooks/detail.action?docID=6016952
_zVolltext
942 _cEB
_2z
999 _c60532
_d60532